Southville International School and Colleges
Your cart is empty.
  • Cart
  • Lists
    Public lists Eva Luna New books Lux_list list_1
    Your lists Log in to create your own lists
  • Log in to your account
  • Your cookies
  • Search history
Southville International School and Colleges
  • Advanced search
  • Recent comments
  • Most popular
  • Libraries

Log in to your account

Log in with GOOGLE


If you do not have an external account, but do have a local account, you can still log in:

  1. Home
  2. MARC view: CAS Journal of Research /
Normal view MARC view ISBD view

CAS Journal of Research / (Record no. 276997)

[ view plain ]
MARC details
000 -LEADER
fixed length control field 00528nam a2200169Ia 4500
008 - FIXED-LENGTH DATA ELEMENTS--GENERAL INFORMATION
fixed length control field 150121s9999 xx 000 0 und d
020 ## - INTERNATIONAL STANDARD BOOK NUMBER
International Standard Book Number 1908-5060
245 ## - TITLE STATEMENT
Title CAS Journal of Research /
Medium [electronic resource]
260 ## - PUBLICATION, DISTRIBUTION, ETC. (IMPRINT)
Name of publisher, distributor, etc Catanduanes State University-College of Arts and Sciences,
Date of publication, distribution, etc 2012.
516 ## - TYPE OF COMPUTER FILE OR DATA NOTE
Type of computer file or data note Electronic text
650 ## - SUBJECT ADDED ENTRY--TOPICAL TERM
Topical term or geographic name as entry element Languages.
650 ## - SUBJECT ADDED ENTRY--TOPICAL TERM
Topical term or geographic name as entry element Natural Science.
650 ## - SUBJECT ADDED ENTRY--TOPICAL TERM
Topical term or geographic name as entry element Social Science.
830 ## - SERIES ADDED ENTRY--UNIFORM TITLE
Uniform title Philippine E-Journals
856 ## - ELECTRONIC LOCATION AND ACCESS
Uniform Resource Identifier <a href="http://www.ejournals.ph/index.php?journal=CASJR">http://www.ejournals.ph/index.php?journal=CASJR</a>
942 ## - ADDED ENTRY ELEMENTS (KOHA)
Koha item type Electronic Journals

No items available.

CAS Journal of Research /

APA

(2012). CAS Journal of Research. : Catanduanes State University-College of Arts and Sciences.

Chicago

2012. CAS Journal of Research. : Catanduanes State University-College of Arts and Sciences.

Harvard

(2012). CAS Journal of Research. : Catanduanes State University-College of Arts and Sciences.

MLA

CAS Journal of Research. : Catanduanes State University-College of Arts and Sciences. 2012.

  • Print
  • Cite
  • Add to your cart (remove)
  • Save record
    BIBTEX Dublin Core MARCXML MARC (non-Unicode/MARC-8) MARC (Unicode/UTF-8) MARC (Unicode/UTF-8, Standard) MODS (XML) RIS
  • More searches
    Search for this title in:
    Other Libraries (WorldCat) Other Databases (Google Scholar) Online Stores (Bookfinder.com) Open Library (openlibrary.org)

Exporting to Dublin Core...

SOUTHVILLE LIBRARY

Southville International School and Colleges Library

1281 Tropical Ave. Cor. Luxembourg St., BF Homes International, Las Pinas City

Tel. No. 8256374 / 252358 Loc. 117/146

Powered by Koha